Statistics for All Islands on the World Map by Scambigol

Click here to take the quiz!

General Stats

  • This quiz has been taken 441 times
  • The average score is 77 of 356

Answer Stats

A >= 25K A <25K km2, pop > 1M 25K > A >= 10K A-Z Island % Correct
xIcelandIceland
96%
xIrelandIreland
95%
xMadagascarMadagascar
94%
xSri LankaSri Lanka
94%
xCubaCuba
93%
xGreenlandGreenland
93%
xCyprusCyprus
92%
xSicilySicily
91%
xxJamaicaJamaica
91%
xGreat BritainGreat Britain
90%
xTaiwanTaiwan
90%
xSouthSouth
89%
xBorneoBorneo
89%
xTasmaniaTasmania
88%
xNorthNorth
88%
CorsicaCorsica
87%
xNew GuineaNew Guinea
87%
xHispaniolaHispaniola
87%
xJavaJava
85%
xxSardiniaSardinia
85%
CreteCrete
84%
xHonshuHonshu
83%
xAustraliaAustralia
82%
xSumatraSumatra
80%
xBaffinBaffin
80%
xTrinidadTrinidad
80%
xNewfoundlandNewfoundland
80%
xHokkaidoHokkaido
79%
xPuerto RicoPuerto Rico
77%
xLuzonLuzon
70%
Saint VincentSaint Vincent
70%
AntiguaAntigua
70%
xSulawesiSulawesi
69%
Saint KittsSaint Kitts
68%
xHawai'iHawai'i
67%
MaltaMalta
67%
BarbadosBarbados
67%
xVictoriaVictoria
66%
xHainanHainan
65%
GrenadaGrenada
65%
Saint LuciaSaint Lucia
64%
xTimorTimor
64%
xEllesmereEllesmere
64%
TobagoTobago
62%
xBaliBali
62%
xKyushuKyushu
61%
DominicaDominica
59%
xSakhalinSakhalin
59%
xZealandZealand
58%
BarbudaBarbuda
57%
Prince EdwardPrince Edward
57%
xMindanaoMindanao
56%
xVancouverVancouver
56%
Man(Isle of) Man
55%
xBahrainBahrain
55%
xSingaporeSingapore
55%
xAmericas(the) Americas
52%
xAfro-EurasiaAfro-Eurasia
50%
OahuOahu
50%
Sao TomeSao Tome
49%
xxShikokuShikoku
48%
xGrande-TerreGrande-Terre (new Caledonia)
47%
ZZZZA(unnamed archipelago)
45%
ZZZZZ(unnamed island)
45%
ZZZZZ(unnamed island)
45%
ZZZZZ(unnamed island)
45%
ZZZZZ(unnamed island)
45%
ZZZZZ(unnamed island)
45%
NevisNevis
45%
ZZZZZ(unnamed island)
45%
ZZZZA(unnamed archipelago)
45%
ZZZZZ(unnamed island)
45%
ZZZZZ(unnamed island)
45%
ZZZZA(unnamed archipelago)
45%
ZZZZZ(unnamed island)
45%
ZZZZZ(unnamed island)
45%
ZZZZZ(unnamed island)
45%
ZZZZA(unnamed archipelago)
45%
ZZZZZ(unnamed island)
45%
ZZZZA(unnamed archipelago)
45%
ZZZZZ(unnamed island)
45%
ArubaAruba
44%
xTierra del FuegoTierra del Fuego
43%
xBanksBanks
41%
LongLong
41%
xLongLong
41%
CuracaoCuracao
37%
GotlandGotland
35%
PrincipePrincipe
34%
xNew BritainNew Britain
34%
MartiniqueMartinique
33%
xCebuCebu
32%
xxFloresFlores
32%
Wight(Isle of) Wight
30%
East FalklandEast Falkland
30%
West FalklandWest Falkland
30%
Grand BahamaGrand Bahama
29%
xPalawanPalawan
29%
xDevonDevon
28%
MauiMaui
28%
EuboeaEuboea
28%
Orkney MainlandOrkney Mainland
26%
xxNegrosNegros
26%
SkyeSkye
26%
xPrince of WalesPrince of Wales
24%
Prince of WalesPrince of Wales
24%
xLombokLombok
24%
Mackenzie KingMackenzie King
23%
KodiakKodiak
23%
xHong KongHong Kong
23%
xSevernySeverny
22%
xxPanayPanay
22%
xxMindoroMindoro
21%
xAxel HeibergAxel Heiberg
21%
xSumbaSumba
21%
BougainvilleBougainville
20%
KauaiKauai
20%
UngujaUnguja
20%
xCape BretonCape Breton
20%
xxSumbawaSumbawa
19%
xYuzhnyYuzhny
19%
xViti LevuViti Levu
19%
xSouthamptonSouthampton
19%
KrkKrk
18%
FynFyn
18%
xPrince PatrickPrince Patrick
18%
Prince CharlesPrince Charles
18%
xKing WilliamKing William
18%
AngleseyAnglesey
18%
xxSamarSamar
17%
xLeyteLeyte
17%
xSomersetSomerset
17%
xBangkaBangka
17%
xHalmaheraHalmahera
17%
AnticostiAnticosti
17%
xMelvilleMelville
16%
CornwallCornwall
15%
xBathurstBathurst
15%
xMarajo(Ilha de) Marajo
15%
xSeramSeram
15%
Basse-TerreBasse-Terre
15%
xBoholBohol
14%
Margarita(Isla de) Margarita
13%
GuadalcanalGuadalcanal
13%
SaaremaaSaaremaa
13%
xBylotBylot
13%
MolokaiMolokai
13%
CatCat
12%
MasseyMassey
12%
MullMull
12%
MasbateMasbate
12%
BuruBuru
12%
CornwallisCornwallis
12%
SalSal
12%
ButonButon
11%
Arran(Isle of) Arran
11%
xYos SudarsoYos Sudarso
11%
Grande-TerreGrande-Terre
11%
Vanua LevuVanua Levu
11%
IslayIslay
10%
UnalaskaUnalaska
10%
North AndrosNorth Andros
10%
Air ForceAir Force
10%
Amund RingnesAmund Ringnes
10%
Grande ComoreGrande Comore
10%
Lewis and HarrisLewis and Harris
10%
Grande de Chiloe(Isla) Grande de Chiloe
9%
LanaiLanai
9%
StefanssonStefansson
9%
South AndrosSouth Andros
9%
New ProvidenceNew Providence
8%
Juventud(Isla de la) Juventud
8%
Great AbacoGreat Abaco
8%
HvarHvar
8%
San CristobalSan Cristobal
8%
xMontrealMontreal
8%
San Cristobal(Isla de) San Cristobal
8%
EleutheraEleuthera
8%
SantiagoSantiago
7%
Santiago(Isla) Santiago
7%
HiiumaaHiiumaa
7%
QeqertarsuaqQeqertarsuaq
7%
Espiritu SantoEspiritu Santo
7%
CresCres
7%
Santa IsabelSanta Isabel
7%
PagPag
7%
BracBrac
7%
South UistSouth Uist
6%
CameronCameron
6%
GhadexGhadex
6%
AlorAlor
6%
GrahamGraham
6%
UnimakUnimak
6%
KorculaKorcula
6%
North UistNorth Uist
6%
BiokoBioko
6%
xBatamBatam
6%
Isabela(Isla) Isabela
6%
PentecostPentecost
5%
TranganTrangan
5%
Santa Cruz(Isla) Santa Cruz
5%
TexelTexel
5%
San SalvadorSan Salvador
5%
RabRab
5%
MaloMalo
5%
Jens MunkJens Munk
5%
ChoiseulChoiseul
5%
MayaguanaMayaguana
5%
Marie-GalanteMarie-Galante
5%
JuraJura
5%
MalaitaMalaita
5%
Basse-ObBasse-Ob
5%
EglintonEglinton
5%
CrookedCrooked
5%
LougheedLougheed
5%
BrockBrock
5%
MunaMuna
5%
BintanBintan
4%
New GeorgiaNew Georgia
4%
PembaPemba
4%
Princess RoyalPrincess Royal
4%
HoyHoy
4%
MorotaiMorotai
4%
Wellington(Isla) Wellington
4%
Gonave(Ile de la) Gonave
4%
BacanBacan
4%
EfateEfate
3%
EpiEpi
3%
KupreanofKupreanof
3%
TannaTanna
3%
LembataLembata
3%
TanahbesarTanahbesar
3%
LatangaiLatangai
3%
BaranofBaranof
3%
FraserFraser
3%
SavaiiSavaii
3%
InaguaInagua
3%
Boa VistaBoa Vista
3%
NendoNendo
3%
Great ExumaGreat Exuma
3%
Sao Vicente(Ilha de) Sao Vicente
3%
GauGau
3%
Stewart/RakiuraStewart/Rakiura
3%
Fogo(Ilha de) Fogo
3%
CampCamp
3%
RevillagigedoRevillagigedo
3%
Fernandina(Isla) Fernandina
3%
AucklandAuckland
3%
AmbaeAmbae
3%
UmnakUmnak
3%
AcklinsAcklins
3%
RennellRennell
3%
ChichagofChichagof
3%
UpoluUpolu
3%
AfognakAfognak
3%
VlielandVlieland
3%
Vanua LavaVanua Lava
3%
MoresbyMoresby
3%
AmelandAmeland
3%
AmbrymAmbrym
3%
Little InaguaLittle Inagua
3%
DinagatDinagat
3%
MalekulaMalekula
3%
AnjouanAnjouan
3%
WestrayWestray
2%
GeojeGeoje
2%
BorkumBorkum
2%
TaveuniTaveuni
2%
Vella LavellaVella Lavella
2%
Campana(Isla) Campana
2%
Gordon(Isla) Gordon
2%
SoroyaSoroya
2%
VestvagoyVestvagoy
2%
TetepareTetepare
2%
ErromangoErromango
2%
Clarence(Isla) Clarence
2%
StjernoyaStjernoya
2%
Contreras(Isla) Contreras
2%
DallDall
2%
Duque de York(Isla) Duque de York
2%
BuriasBurias
2%
EtolinEtolin
2%
ChongmingChongming
2%
GauaGaua
2%
JindoJindo
2%
MageroyaMageroya
2%
MaioMaio
2%
Prat(Isla) Prat
2%
AneityumAneityum
2%
Magdalena(Isla) Magdalena
2%
MaewoMaewo
2%
RendovaRendova
2%
RabiRabi
2%
Arve-prinsensArve-prinsens
2%
MaramasikeMaramasike
2%
AfuaAfua
2%
Nggela SuleNggela Sule
2%
AdminraltyAdminralty
2%
NaunongaNaunonga
2%
Navarino(Isla) Navarino
2%
MoretonMoreton
2%
North SalawatiNorth Salawati
2%
Nosy BeNosy Be
2%
MoheliMoheli
2%
North StadbrokeNorth Stadbroke
2%
GuimarasGuimaras
2%
AwajiAwaji
2%
Sao Nicolau(Ilha de) Sao Nicolau
2%
Santo Antao(Ilha de) Santo Antao
2%
Jorge Montt(Isla) Jorge Montt
2%
SchiermonnikoogSchiermonnikoog
2%
SebatikSebatik
2%
HinchinbrookHinchinbrook
2%
SenjaSenja
2%
SeilandSeiland
2%
ShimoshimaShimoshima
2%
KadavuKadavu
2%
KuiuKuiu
2%
LangoyaLangoya
2%
LantauLantau
2%
KoroKoro
2%
KolombangaraKolombangara
2%
SandwipSandwip
2%
SandaySanday
2%
BiliranBiliran
2%
BonnyBonny
1%
Aldea(Isla) Aldea
1%
BubiyanBubiyan
1%
SherbroSherbro
1%
MalevuMalevu
1%
Pecixe(Ilha de) Pecixe
1%
RanonggaRanongga
1%
RingvassoyaRingvassoya
1%
LembienLembien
1%
PavuvuPavuvu
1%
MasirahMasirah
1%
NamhaeNamhae
1%
NggatokaeNggatokae
1%
OkakOkak
1%
Orango(Ilha de) Orango
1%
ViknaVikna
1%
Salas(Isla) Salas
1%
Tarlton(Isla) Tarlton
1%
South RonaldsaySouth Ronaldsay
1%
TershellingTershelling
1%
Char FassonChar Fasson
1%
Cangrejo(Isla) Cangrejo
1%
VangunuVangunu
1%
SitkalidakSitkalidak
1%
HatiyaHatiya
1%
IllorsuitIllorsuit
1%
San JorgeSan Jorge
1%
KilliniqKilliniq
1%
Schouwen-DuivelandSchouwen-Duiveland
1%
Puna(Isla) Puna
0%
LovoniLovoni
0%

Score Distribution

Percentile by Number Answered

Percent of People with Each Score

Your Score History

You have not taken this quiz